01065nam a22002417a 4500003000200000005001700002008004100019050002100060100002900081245021100110260007200321300004500393504005700438650003500495650004200530650004500572650004800617650004800665700002900713700003200742700002400774700002500798020250116153353.0250116b xxu||||| |||| 00| 0 eng d aRT 71b.T33 2024 aTesoro-Lingad, Janis G.  aA correlational study of mobile game engagement score and time management skills of nursing students in a selected college students in a selected college of nursing in Las Pinas CitycJanis G. Lingad-Tesoro aLas Pinas CitybSouthville International School and Collegescc2024 aix, 182 pages :billustrations ;c29cm.  aIncludes bibliographical references and appendices.  aNursing students—Psychology. aMobile games—Psychological aspects. aTime management—Psychological aspects. aVideo games—Social aspects—Philippines. aNursing—Study and teaching—Philippines. aRosette, Adel Annette E. aSayson, Denisse Monique E.  aTakenoshita, Tomoya aTuazon, Patricia T.